[Event "Riazan Region-ch"]
[Site "Riazan"]
[Date "2010.10.??"]
[Round "1"]
[White "Vasiliev, Vladimir P"]
[Black "Goryachev, Anatoly"]
[Result "1-0"]
[WhiteElo "2348"]
[BlackElo "2204"]
[PlyCount "49"]
[EventDate "2010.10.16"]
[EventType "tourn"]
[EventRounds "13"]
[EventCountry "RUS"]
[SourceTitle "EXT 2013"]
[Source "ChessBase"]
[SourceDate "2012.11.22"]
[SourceVersion "1"]
[SourceVersionDate "2012.11.22"]
[SourceQuality "1"]

1. Nf3 d5 2. d4 Nf6 3. c4 c6 4. Nc3 e6 5. e3 Nbd7 6. Qc2 Bd6 7. b3 0-0 8. Bd3 dxc4 9. bxc4 e5 10. 0-0 Qe7 11. Bb2 b6 12. Nd2 Bb7 13. Nde4 Nxe4 14. Nxe4 Bc7 15. Ng3 g6 16. a4 a5 17. Ba3 Bd6 18. c5 bxc5 19. Ne4 Ba6 20. Bxa6 Rxa6 21. Rab1 Ra7 22. Rfd1 Rb8 23. dxc5 Rxb1 24. Qxb1 Bc7 25. Rxd7 1-0